| 000 | 00529nam a2200217Ia 4500 | ||
|---|---|---|---|
| 003 | OSt | ||
| 005 | 20231025091821.0 | ||
| 008 | 210210b1919 xxu||||| |||| 00| 0 eng d | ||
| 040 | _cAL | ||
| 041 | _aSanskrit | ||
| 082 | _a883/38 | ||
| 100 |
_aHARSHA _9139166 |
||
| 245 |
_aNagananda नागानन्द _b by Nerukar |
||
| 260 |
_aBombay _b- _c1919 |
||
| 650 |
_aNerukar _9139167 |
||
| 650 |
_aNagAnanda _9139168 |
||
| 650 |
_aby _9139169 |
||
| 690 |
_aSanskrit Drama _9139170 |
||
| 906 | _a024368 | ||
| 942 |
_2ddc _cBK |
||
| 999 |
_c149858 _d149858 |
||